[Event "Stay Safe Play From Home 157"]
[Site "T#646177Emanuel Laske"]
[Date "2020.05.19"]
[Round "2"]
[White "Lamborghini"]
[Black "Fischer_11"]
[Result "1-0"]
[WhiteElo "2334"]
[BlackElo "2163"]
[Annotator "NA"]
[PlyCount "53"]
[EventDate "2020.05.19"]
[EventType "swiss (blitz)"]

1. e4 {[%emt 0:00:03]} Nf6 {[%emt 0:00:01]} 2. e5 {[%emt 0:00:01]} Nd5 {[%emt 0:00:01]} 3. d4 {[%emt 0:00:00]} d6 {[%emt 0:00:00]} 4. Nf3 {[%emt 0:00:00]} dxe5 {[%emt 0:00:01]} 5. Nxe5 {[%emt 0:00:01]} Nd7 {[%emt 0:00:00]} 6. Nxf7 {[%emt 0:00:01]} Kxf7 {[%emt 0:00:00]} 7. Qh5+ {[%emt 0:00:01]} Ke6 {[%emt 0:00:00]} 8. c4 {[%emt 0:00:01]} N7f6 {[%emt 0:00:00]} 9. cxd5+ {[%emt 0:00:01]} Kd6 {[%emt 0:00:02]} 10. Qe5+ {[%emt 0:00:02]} Kd7 {[%emt 0:00:01]} 11. Nc3 {[%emt 0:00:02]} Ke8 {[%emt 0:00:00]} 12. Bc4 {[%emt 0:00:03]} Qd6 {[%emt 0:00:01]} 13. O-O {[%emt 0:00:02]} Nd7 {[%emt 0:00:04]} 14. Qe2 {[%emt 0:00:02]} a6 {[%emt 0:00:03]} 15. Ne4 {[%emt 0:00:01]} Qb4 {[%emt 0:00:03]} 16. a3 {[%emt 0:00:02]} Qb6 {[%emt 0:00:02]} 17. b4 {[%emt 0:00:01]} Qxd4 {[%emt 0:00:01]} 18. Bb2 {[%emt 0:00:01]} Qb6 {[%emt 0:00:02]} 19. Rfe1 {[%emt 0:00:01]} h6 {[%emt 0:00:04]} 20. Rad1 {[%emt 0:00:01]} Ne5 {[%emt 0:00:05]} 21. Bxe5 {[%emt 0:00:02]} Bf5 {[%emt 0:00:03]} 22. Nc5 {[%emt 0:00:01]} Rc8 {[%emt 0:00:06]} 23. Qf3 {[%emt 0:00:02]} Qg6 {[%emt 0:00:02]} 24. Ne6 {[%emt 0:00:03]} Bxe6 {[%emt 0:00:02]} 25. dxe6 {[%emt 0:00:01]} Rd8 {[%emt 0:00:01]} 26. Qf7+ {[%emt 0:00:01]} Qxf7 {[%emt 0:00:01]} 27. exf7# {[%emt 0:00:00] (Lag: Av=0.29s, max=0.5s)} 1-0

[Event "Stay Safe Play From Home 157"]
[Site "T#646177Emanuel Laske"]
[Date "2020.05.19"]
[Round "2"]
[White "Mepe_Nika"]
[Black "SecantFX"]
[Result "0-1"]
[WhiteElo "2294"]
[BlackElo "1900"]
[PlyCount "146"]
[EventDate "2020.05.19"]
[EventType "swiss (blitz)"]

1. e4 {[%emt 0:00:02]} b6 {[%emt 0:00:00]} 2. d4 {[%emt 0:00:01]} Bb7 {[%emt 0:00:00]} 3. Nc3 {[%emt 0:00:01]} g6 {[%emt 0:00:00]} 4. h4 {[%emt 0:00:01]} Bg7 {[%emt 0:00:00]} 5. h5 {[%emt 0:00:01]} h6 {[%emt 0:00:01]} 6. hxg6 {[%emt 0:00:01]} fxg6 {[%emt 0:00:00]} 7. Bd3 {[%emt 0:00:01]} g5 {[%emt 0:00:01]} 8. Qh5+ {[%emt 0:00:02]} Kf8 {[%emt 0:00:01]} 9. Nf3 {[%emt 0:00:01]} Nf6 {[%emt 0:00:01]} 10. Qg6 {[%emt 0:00:02]} Qe8 {[%emt 0:00:01]} 11. e5 {[%emt 0:00:01]} Qxg6 {[%emt 0:00:01]} 12. Bxg6 {[%emt 0:00:00]} Nd5 {[%emt 0:00:02]} 13. Be4 {[%emt 0:00:02]} e6 {[%emt 0:00:01]} 14. Bd2 {[%emt 0:00:01]} c6 {[%emt 0:00:01]} 15. O-O-O {[%emt 0:00:01]} Nxc3 {[%emt 0:00:01]} 16. Bxc3 {[%emt 0:00:00]} Na6 {[%emt 0:00:01]} 17. Nd2 {[%emt 0:00:02]} Nc7 {[%emt 0:00:01]} 18. g3 {[%emt 0:00:01]} Nd5 {[%emt 0:00:01]} 19. Bxd5 {[%emt 0:00:01]} cxd5 {[%emt 0:00:01]} 20. f4 {[%emt 0:00:00]} g4 {[%emt 0:00:01]} 21. Rhf1 {[%emt 0:00:02]} h5 {[%emt 0:00:01]} 22. f5 {[%emt 0:00:01]} exf5 {[%emt 0:00:01]} 23. Rxf5+ {[%emt 0:00:01]} Ke7 {[%emt 0:00:01]} 24. Rdf1 {[%emt 0:00:01]} Raf8 {[%emt 0:00:02]} 25. Bb4+ {[%emt 0:00:01]} Ke8 {[%emt 0:00:06]} 26. Bxf8 {[%emt 0:00:00]} Bxf8 {[%emt 0:00:01]} 27. Rf6 {[%emt 0:00:07]} Bh6 {[%emt 0:00:02]} 28. Kd1 {[%emt 0:00:02]} Be3 {[%emt 0:00:01]} 29. c3 {[%emt 0:00:01]} Bc8 {[%emt 0:00:02]} 30. Re1 {[%emt 0:00:03]} Bg5 {[%emt 0:00:01]} 31. Rf5 {[%emt 0:00:01]} Be7 {[%emt 0:00:03]} 32. Rh1 {[%emt 0:00:01]} d6 {[%emt 0:00:01]} 33. Rfxh5 {[%emt 0:00:01]} Rxh5 {[%emt 0:00:01]} 34. Rxh5 {[%emt 0:00:00]} dxe5 {[%emt 0:00:01]} 35. Rxe5 {[%emt 0:00:01]} Kd7 {[%emt 0:00:01]} 36. Rxd5+ {[%emt 0:00:01]} Ke6 {[%emt 0:00:00]} 37. Re5+ {[%emt 0:00:01]} Kf6 {[%emt 0:00:01]} 38. Ne4+ {[%emt 0:00:01]} Kf7 {[%emt 0:00:01]} 39. Nf2 {[%emt 0:00:01]} Bd6 {[%emt 0:00:01]} 40. Re4 {[%emt 0:00:01]} Bb7 {[%emt 0:00:01]} 41. Rxg4 {[%emt 0:00:01]} Bf3+ {[%emt 0:00:01]} 42. Kd2 {[%emt 0:00:00]} Bxg4 {[%emt 0:00:01]} 43. Nxg4 {[%emt 0:00:00]} Bxg3 {[%emt 0:00:00]} 44. Ne5+ {[%emt 0:00:00]} Bxe5 {[%emt 0:00:01]} 45. Kd3 {[%emt 0:00:01]} Ke6 {[%emt 0:00:00]} 46. Kd2 {[%emt 0:00:00]} Bd6 {[%emt 0:00:01]} 47. Kd3 {[%emt 0:00:01]} b5 {[%emt 0:00:00]} 48. b3 {[%emt 0:00:01]} Kd5 {[%emt 0:00:00]} 49. c4+ {[%emt 0:00:01]} bxc4+ {[%emt 0:00:00]} 50. bxc4+ {[%emt 0:00:00]} Kc6 {[%emt 0:00:00]} 51. Ke4 {[%emt 0:00:00]} Bc7 {[%emt 0:00:00]} 52. Kf5 {[%emt 0:00:01]} Kd7 {[%emt 0:00:00]} 53. Ke4 {[%emt 0:00:01]} Bb6 {[%emt 0:00:00]} 54. Kd5 {[%emt 0:00:01]} Kc7 {[%emt 0:00:01]} 55. a4 {[%emt 0:00:01]} Ba5 {[%emt 0:00:00]} 56. c5 {[%emt 0:00:01]} Bb4 {[%emt 0:00:00]} 57. Kc4 {[%emt 0:00:00]} a6 {[%emt 0:00:01]} 58. d5 {[%emt 0:00:00]} a5 {[%emt 0:00:01]} 59. Kb5 {[%emt 0:00:01]} Kd7 {[%emt 0:00:01]} 60. Kc4 {[%emt 0:00:01]} Kc7 {[%emt 0:00:01]} 61. Kd4 {[%emt 0:00:00]} Kb7 {[%emt 0:00:01]} 62. d6 {[%emt 0:00:00]} Kc6 {[%emt 0:00:01]} 63. Kc4 {[%emt 0:00:00]} Bxc5 {[%emt 0:00:00]} 64. d7 {[%emt 0:00:00]} Be7 {[%emt 0:00:01]} 65. d8=Q {[%emt 0:00:01]} Bxd8 {[%emt 0:00:00]} 66. Kb3 {[%emt 0:00:00]} Bb6 {[%emt 0:00:01]} 67. Ka3 {[%emt 0:00:00]} Kc5 {[%emt 0:00:00]} 68. Kb3 {[%emt 0:00:00]} Kd4 {[%emt 0:00:01]} 69. Ka3 {[%emt 0:00:00]} Kc4 {[%emt 0:00:00]} 70. Ka2 {[%emt 0:00:01]} Kb4 {[%emt 0:00:00]} 71. Ka1 {[%emt 0:00:01]} Kxa4 {[%emt 0:00:00]} 72. Kb1 {[%emt 0:00:00]} Kb5 {[%emt 0:00:00]} 73. Ka1 {[%emt 0:00:00]} a4 {[%emt 0:00:00] Time (Lag: Av=0.38s, max=1.1s)} 0-1

[Event "Stay Safe Play From Home 157"]
[Site "T#646177Emanuel Laske"]
[Date "2020.05.19"]
[Round "2"]
[White "BrainThinker22"]
[Black "Little champs"]
[Result "0-1"]
[WhiteElo "2251"]
[BlackElo "2202"]
[Annotator "NA"]
[PlyCount "134"]
[EventDate "2020.05.19"]
[EventType "swiss (blitz)"]

1. e4 {[%emt 0:00:01]} c6 {[%emt 0:00:00]} 2. Nc3 {[%emt 0:00:01]} d5 {[%emt 0:00:00]} 3. d4 {[%emt 0:00:00]} dxe4 {[%emt 0:00:01]} 4. Nxe4 {[%emt 0:00:00]} Nf6 {[%emt 0:00:00]} 5. Nxf6+ {[%emt 0:00:00]} exf6 {[%emt 0:00:00]} 6. c3 {[%emt 0:00:00]} Be7 {[%emt 0:00:00]} 7. Bd3 {[%emt 0:00:00]} O-O {[%emt 0:00:00]} 8. Ne2 {[%emt 0:00:00]} c5 {[%emt 0:00:00]} 9. dxc5 {[%emt 0:00:02]} Nc6 {[%emt 0:00:02]} 10. O-O {[%emt 0:00:01]} Bxc5 {[%emt 0:00:02]} 11. h3 {[%emt 0:00:00]} Qc7 {[%emt 0:00:01]} 12. Qc2 {[%emt 0:00:01]} h6 {[%emt 0:00:01]} 13. Bd2 {[%emt 0:00:05]} Be6 {[%emt 0:00:01]} 14. b3 {[%emt 0:00:01]} Rad8 {[%emt 0:00:02]} 15. Rad1 {[%emt 0:00:01]} a6 {[%emt 0:00:01]} 16. Bf5 {[%emt 0:00:01]} Rfe8 {[%emt 0:00:02]} 17. Nf4 {[%emt 0:00:02]} Ne5 {[%emt 0:00:03]} 18. Nxe6 {[%emt 0:00:02]} fxe6 {[%emt 0:00:01]} 19. Bh7+ {[%emt 0:00:02]} Kf8 {[%emt 0:00:01]} 20. Rfe1 {[%emt 0:00:03]} Rd7 {[%emt 0:00:05]} 21. Bf4 {[%emt 0:00:06]} Red8 {[%emt 0:00:01]} 22. Bxe5 {[%emt 0:00:03]} fxe5 {[%emt 0:00:02]} 23. Rxd7 {[%emt 0:00:03]} Qxd7 {[%emt 0:00:01]} 24. Qe4 {[%emt 0:00:01]} Qf7 {[%emt 0:00:06]} 25. Rf1 {[%emt 0:00:02]} Rd2 {[%emt 0:00:01]} 26. Qf3 {[%emt 0:00:07]} Qxf3 {[%emt 0:00:02]} 27. gxf3 {[%emt 0:00:00]} Rxa2 {[%emt 0:00:01]} 28. Be4 {[%emt 0:00:00]} b5 {[%emt 0:00:01]} 29. b4 {[%emt 0:00:01]} Bb6 {[%emt 0:00:01]} 30. Kg2 {[%emt 0:00:02]} Ke7 {[%emt 0:00:01]} 31. Bb7 {[%emt 0:00:01]} a5 {[%emt 0:00:01]} 32. bxa5 {[%emt 0:00:01]} Rxa5 {[%emt 0:00:01]} 33. Bc6 {[%emt 0:00:01]} Ra3 {[%emt 0:00:01]} 34. Bxb5 {[%emt 0:00:01]} Rxc3 {[%emt 0:00:00]} 35. Be2 {[%emt 0:00:00]} Rc2 {[%emt 0:00:01]} 36. Ba6 {[%emt 0:00:00]} Rd2 {[%emt 0:00:01]} 37. Bb7 {[%emt 0:00:00]} Bd4 {[%emt 0:00:00]} 38. Be4 {[%emt 0:00:00] BrainThinker22 offers a draw} g5 {[%emt 0:00:00]} 39. Bg6 {[%emt 0:00:01]} Kf6 {[%emt 0:00:00]} 40. Be4 {[%emt 0:00:00]} h5 {[%emt 0:00:01]} 41. Ba8 {[%emt 0:00:00]} Kf5 {[%emt 0:00:01]} 42. Be4+ {[%emt 0:00:00]} Kf4 {[%emt 0:00:00]} 43. Ba8 {[%emt 0:00:00]} g4 {[%emt 0:00:00]} 44. hxg4 {[%emt 0:00:00]} hxg4 {[%emt 0:00:00]} 45. fxg4 {[%emt 0:00:00]} e4 {[%emt 0:00:00]} 46. g5 {[%emt 0:00:01]} Kxg5 {[%emt 0:00:01]} 47. Bxe4 {[%emt 0:00:01]} Kf4 {[%emt 0:00:01]} 48. Bf3 {[%emt 0:00:00]} e5 {[%emt 0:00:00]} 49. Rd1 {[%emt 0:00:01]} Rxf2+ {[%emt 0:00:01]} 50. Kh1 {[%emt 0:00:00]} Rxf3 {[%emt 0:00:00]} 51. Rb1 {[%emt 0:00:00]} Re3 {[%emt 0:00:01]} 52. Kg2 {[%emt 0:00:00]} Ke4 {[%emt 0:00:00]} 53. Kh1 {[%emt 0:00:00]} Re2 {[%emt 0:00:00]} 54. Rf1 {[%emt 0:00:00]} Ke3 {[%emt 0:00:01]} 55. Rd1 {[%emt 0:00:00]} Rd2 {[%emt 0:00:01]} 56. Rf1 {[%emt 0:00:00]} Kd3 {[%emt 0:00:00]} 57. Re1 {[%emt 0:00:00]} Kc2 {[%emt 0:00:00]} 58. Rd1 {[%emt 0:00:00]} Rxd1+ {[%emt 0:00:00]} 59. Kg2 {[%emt 0:00:00]} Rd2+ {[%emt 0:00:00]} 60. Kf3 {[%emt 0:00:00]} e4+ {[%emt 0:00:00]} 61. Kg4 {[%emt 0:00:00]} Re2 {[%emt 0:00:00]} 62. Kf5 {[%emt 0:00:00]} Kd3 {[%emt 0:00:00]} 63. Ke6 {[%emt 0:00:00]} Ke3 {[%emt 0:00:00]} 64. Kd5 {[%emt 0:00:00]} Kf3 {[%emt 0:00:00]} 65. Kc6 {[%emt 0:00:00]} e3 {[%emt 0:00:01]} 66. Kd5 {[%emt 0:00:00]} Ba1 {[%emt 0:00:00]} 67. Kc4 {[%emt 0:00:00]} Rd2 {[%emt 0:00:00] Time (Lag: Av=0.79s, max=2.4s)} 0-1

[Event "Stay Safe Play From Home 157"]
[Site "T#646177Emanuel Laske"]
[Date "2020.05.19"]
[Round "2"]
[White "Toosieslide"]
[Black "SoulofWolf"]
[Result "0-1"]
[WhiteElo "2151"]
[BlackElo "2123"]
[PlyCount "86"]
[EventDate "2020.05.19"]
[EventType "swiss (blitz)"]

1. d4 {[%emt 0:00:02]} e6 {[%emt 0:00:00]} 2. c4 {[%emt 0:00:00]} d5 {[%emt 0:00:00]} 3. Nc3 {[%emt 0:00:00]} c6 {[%emt 0:00:01]} 4. cxd5 {[%emt 0:00:00]} exd5 {[%emt 0:00:00]} 5. Nf3 {[%emt 0:00:01]} Be7 {[%emt 0:00:00]} 6. Bf4 {[%emt 0:00:01]} Bg4 {[%emt 0:00:01]} 7. h3 {[%emt 0:00:01]} Bh5 {[%emt 0:00:01]} 8. e3 {[%emt 0:00:02]} Nd7 {[%emt 0:00:00]} 9. Be2 {[%emt 0:00:03]} f5 {[%emt 0:00:02]} 10. O-O {[%emt 0:00:01]} Ngf6 {[%emt 0:00:01]} 11. Ne5 {[%emt 0:00:01]} Bxe2 {[%emt 0:00:01]} 12. Qxe2 {[%emt 0:00:02]} O-O {[%emt 0:00:00]} 13. Bh2 {[%emt 0:00:02]} Rc8 {[%emt 0:00:02]} 14. f4 {[%emt 0:00:01]} Re8 {[%emt 0:00:01]} 15. Rad1 {[%emt 0:00:01]} g6 {[%emt 0:00:03]} 16. Kh1 {[%emt 0:00:01]} Bd6 {[%emt 0:00:01]} 17. Rg1 {[%emt 0:00:01]} Nf8 {[%emt 0:00:02]} 18. Qf2 {[%emt 0:00:03]} Re7 {[%emt 0:00:01]} 19. g4 {[%emt 0:00:01]} fxg4 {[%emt 0:00:01]} 20. hxg4 {[%emt 0:00:00]} Rg7 {[%emt 0:00:01]} 21. g5 {[%emt 0:00:01]} Nh5 {[%emt 0:00:03]} 22. Ne2 {[%emt 0:00:02]} Bxe5 {[%emt 0:00:05]} 23. dxe5 {[%emt 0:00:01]} Ne6 {[%emt 0:00:00]} 24. Ng3 {[%emt 0:00:01]} Nxg3+ {[%emt 0:00:02]} 25. Qxg3 {[%emt 0:00:00]} Qf8 {[%emt 0:00:01]} 26. Qg4 {[%emt 0:00:02]} Nc5 {[%emt 0:00:03]} 27. b4 {[%emt 0:00:06]} Ne4 {[%emt 0:00:01]} 28. Rb1 {[%emt 0:00:00]} a6 {[%emt 0:00:02]} 29. a4 {[%emt 0:00:01]} Nf2+ {[%emt 0:00:01]} 30. Kg2 {[%emt 0:00:02]} Ne4 {[%emt 0:00:00]} 31. Qf3 {[%emt 0:00:01]} Nd2 {[%emt 0:00:02]} 32. Qe2 {[%emt 0:00:01]} Nxb1 {[%emt 0:00:01]} 33. Rxb1 {[%emt 0:00:00]} Qf5 {[%emt 0:00:01]} 34. b5 {[%emt 0:00:01]} Qxb1 {[%emt 0:00:01]} 35. bxc6 {[%emt 0:00:01]} Rxc6 {[%emt 0:00:01]} 36. Kh3 {[%emt 0:00:02]} Qf5+ {[%emt 0:00:02]} 37. Kg3 {[%emt 0:00:01]} h5 {[%emt 0:00:01]} 38. gxh6 {[%emt 0:00:01]} Rh7 {[%emt 0:00:00]} 39. Qb2 {[%emt 0:00:01]} Rxh6 {[%emt 0:00:02]} 40. Qxb7 {[%emt 0:00:01]} Rh3+ {[%emt 0:00:01]} 41. Kg2 {[%emt 0:00:01]} Rc2+ {[%emt 0:00:01]} 42. Kf1 {[%emt 0:00:01]} Qd3+ {[%emt 0:00:01]} 43. Kg1 {[%emt 0:00:01]} Qd1# {[%emt 0:00:01] (Lag: Av=0.69s, max=3.6s)} 0-1

[Event "Stay Safe Play From Home 157"]
[Site "T#646177Emanuel Laske"]
[Date "2020.05.19"]
[Round "2"]
[White "Weltszmerc"]
[Black "Lazieri3"]
[Result "0-1"]
[WhiteElo "2097"]
[BlackElo "2078"]
[PlyCount "70"]
[EventDate "2020.05.19"]
[EventType "swiss (blitz)"]

1. d4 {[%emt 0:00:00]} c6 {[%emt 0:00:00]} 2. c4 {[%emt 0:00:00]} d5 {[%emt 0:00:00]} 3. Nf3 {[%emt 0:00:00]} Nf6 {[%emt 0:00:00]} 4. g3 {[%emt 0:00:00]} Bf5 {[%emt 0:00:01]} 5. Qb3 {[%emt 0:00:00]} Qc8 {[%emt 0:00:00]} 6. Nc3 {[%emt 0:00:02]} e6 {[%emt 0:00:01]} 7. Ne5 {[%emt 0:00:02]} Nbd7 {[%emt 0:00:01]} 8. f4 {[%emt 0:00:01]} Nxe5 {[%emt 0:00:01]} 9. fxe5 {[%emt 0:00:01]} Ne4 {[%emt 0:00:00]} 10. Bg2 {[%emt 0:00:02]} Be7 {[%emt 0:00:02]} 11. O-O {[%emt 0:00:03]} Nxc3 {[%emt 0:00:01]} 12. bxc3 {[%emt 0:00:02]} O-O {[%emt 0:00:03]} 13. cxd5 {[%emt 0:00:01]} cxd5 {[%emt 0:00:00]} 14. Bd2 {[%emt 0:00:01]} a6 {[%emt 0:00:05]} 15. Rac1 {[%emt 0:00:01]} b5 {[%emt 0:00:01]} 16. a4 {[%emt 0:00:01]} Qc4 {[%emt 0:00:01]} 17. Qxc4 {[%emt 0:00:05]} bxc4 {[%emt 0:00:00]} 18. e4 {[%emt 0:00:01]} dxe4 {[%emt 0:00:04]} 19. Rfe1 {[%emt 0:00:01]} Ba3 {[%emt 0:00:04]} 20. Ra1 {[%emt 0:00:02]} e3 {[%emt 0:00:04]} 21. Rxa3 {[%emt 0:00:06]} exd2 {[%emt 0:00:02]} 22. Rd1 {[%emt 0:00:01]} Rab8 {[%emt 0:00:01]} 23. Rxd2 {[%emt 0:00:01]} Rb3 {[%emt 0:00:01]} 24. Rxb3 {[%emt 0:00:06]} cxb3 {[%emt 0:00:00]} 25. Rb2 {[%emt 0:00:01]} Bc2 {[%emt 0:00:02]} 26. c4 {[%emt 0:00:01]} Rb8 {[%emt 0:00:04]} 27. Kf2 {[%emt 0:00:02]} Rb4 {[%emt 0:00:01]} 28. Bf1 {[%emt 0:00:01]} Rxa4 {[%emt 0:00:00]} 29. c5 {[%emt 0:00:07]} Ra2 {[%emt 0:00:01]} 30. Rxa2 {[%emt 0:00:03]} bxa2 {[%emt 0:00:01]} 31. c6 {[%emt 0:00:00]} a1=Q {[%emt 0:00:01]} 32. c7 {[%emt 0:00:00]} Qc3 {[%emt 0:00:01]} 33. Bc4 {[%emt 0:00:01]} Qxc4 {[%emt 0:00:01]} 34. c8=Q+ {[%emt 0:00:01]} Qxc8 {[%emt 0:00:01]} 35. Ke3 {[%emt 0:00:00]} Bb3 {[%emt 0:00:01] Weltszmerc poddaje się (Lag: Av=0.64s, max=0.8s)} 0-1

[Event "Stay Safe Play From Home 157"]
[Site "T#646177Emanuel Laske"]
[Date "2020.05.19"]
[Round "2"]
[White "Aditya_dpawn"]
[Black "Trotsky"]
[Result "1-0"]
[WhiteElo "1948"]
[BlackElo "1578"]
[PlyCount "69"]
[EventDate "2020.05.19"]
[EventType "swiss (blitz)"]

1. e4 {[%emt 0:00:01]} c5 {[%emt 0:00:01]} 2. Nf3 {[%emt 0:00:01]} e6 {[%emt 0:00:00]} 3. d4 {[%emt 0:00:00]} d5 {[%emt 0:00:01]} 4. Nbd2 {[%emt 0:00:02]} c4 {[%emt 0:00:01]} 5. e5 {[%emt 0:00:01]} Nc6 {[%emt 0:00:01]} 6. c3 {[%emt 0:00:00]} Qd7 {[%emt 0:00:01]} 7. h4 {[%emt 0:00:01]} Qc7 {[%emt 0:00:01]} 8. g4 {[%emt 0:00:00]} Bd7 {[%emt 0:00:00]} 9. Ng5 {[%emt 0:00:01]} f6 {[%emt 0:00:03]} 10. exf6 {[%emt 0:00:04]} Nxf6 {[%emt 0:00:01]} 11. Ndf3 {[%emt 0:00:01]} h6 {[%emt 0:00:01]} 12. Nh3 {[%emt 0:00:02]} Bd6 {[%emt 0:00:01]} 13. g5 {[%emt 0:00:02]} Ne4 {[%emt 0:00:03]} 14. Bg2 {[%emt 0:00:03]} O-O-O {[%emt 0:00:01]} 15. Be3 {[%emt 0:00:03]} Bg3 {[%emt 0:00:09]} 16. fxg3 {[%emt 0:00:06]} Qxg3+ {[%emt 0:00:02]} 17. Kf1 {[%emt 0:00:00]} hxg5 {[%emt 0:00:02]} 18. Bf2 {[%emt 0:00:07]} Qd6 {[%emt 0:00:02]} 19. Nfxg5 {[%emt 0:00:04]} Nxf2 {[%emt 0:00:05]} 20. Nxf2 {[%emt 0:00:02]} Rdf8 {[%emt 0:00:02]} 21. Qe2 {[%emt 0:00:03]} Rf4 {[%emt 0:00:06]} 22. Nf3 {[%emt 0:00:02]} Rhf8 {[%emt 0:00:01]} 23. Rh3 {[%emt 0:00:02]} e5 {[%emt 0:00:01]} 24. dxe5 {[%emt 0:00:01]} Nxe5 {[%emt 0:00:01]} 25. Nxe5 {[%emt 0:00:02]} Rxf2+ {[%emt 0:00:02]} 26. Qxf2 {[%emt 0:00:03]} Rxf2+ {[%emt 0:00:01]} 27. Kxf2 {[%emt 0:00:00]} Bxh3 {[%emt 0:00:01]} 28. Bxh3+ {[%emt 0:00:01]} Kc7 {[%emt 0:00:01]} 29. Re1 {[%emt 0:00:00]} Qf6+ {[%emt 0:00:01]} 30. Nf3 {[%emt 0:00:00]} Kb6 {[%emt 0:00:01]} 31. Re6+ {[%emt 0:00:00]} Qxe6 {[%emt 0:00:02]} 32. Bxe6 {[%emt 0:00:00]} Kc5 {[%emt 0:00:01]} 33. Bxd5 {[%emt 0:00:00]} Kxd5 {[%emt 0:00:02]} 34. h5 {[%emt 0:00:00]} b5 {[%emt 0:00:01]} 35. Kg3 {[%emt 0:00:00] Âðåìÿ} 1-0

[Event "Stay Safe Play From Home 157"]
[Site "T#646177Emanuel Laske"]
[Date "2020.05.19"]
[Round "2"]
[White "Justwatch"]
[Black "Haris kollari 13"]
[Result "1-0"]
[WhiteElo "1610"]
[BlackElo "1687"]
[Annotator "NA"]
[PlyCount "69"]
[EventDate "2020.05.19"]
[EventType "swiss (blitz)"]

1. e4 {[%emt 0:00:01]} e6 {[%emt 0:00:00]} 2. f4 {[%emt 0:00:01]} d5 {[%emt 0:00:00]} 3. exd5 {[%emt 0:00:00]} exd5 {[%emt 0:00:01]} 4. Nf3 {[%emt 0:00:00]} c5 {[%emt 0:00:01]} 5. Nc3 {[%emt 0:00:00]} Nc6 {[%emt 0:00:02]} 6. Bb5 {[%emt 0:00:00]} Bg4 {[%emt 0:00:02]} 7. Bxc6+ {[%emt 0:00:00]} bxc6 {[%emt 0:00:01]} 8. O-O {[%emt 0:00:00]} Bd6 {[%emt 0:00:01]} 9. d3 {[%emt 0:00:02]} Ne7 {[%emt 0:00:01]} 10. Ng5 {[%emt 0:00:03]} Bxd1 {[%emt 0:00:02]} 11. Nxd1 {[%emt 0:00:00]} O-O {[%emt 0:00:01]} 12. Nf2 {[%emt 0:00:03]} h6 {[%emt 0:00:01]} 13. Nf3 {[%emt 0:00:01]} Qc7 {[%emt 0:00:01]} 14. Nh3 {[%emt 0:00:02]} Ng6 {[%emt 0:00:01]} 15. f5 {[%emt 0:00:01]} Ne5 {[%emt 0:00:03]} 16. Nxe5 {[%emt 0:00:02]} Bxe5 {[%emt 0:00:01]} 17. Rf3 {[%emt 0:00:00]} f6 {[%emt 0:00:01]} 18. a3 {[%emt 0:00:06]} Bxh2+ {[%emt 0:00:02]} 19. Kh1 {[%emt 0:00:02]} Be5 {[%emt 0:00:01]} 20. Bf4 {[%emt 0:00:02]} Bxf4 {[%emt 0:00:04]} 21. Rxf4 {[%emt 0:00:00]} Rfe8 {[%emt 0:00:01]} 22. Raf1 {[%emt 0:00:02]} Re2 {[%emt 0:00:01]} 23. Rg4 {[%emt 0:00:01]} Rxc2 {[%emt 0:00:03]} 24. Rf3 {[%emt 0:00:02]} Re8 {[%emt 0:00:01]} 25. Nf4 {[%emt 0:00:02]} Re1+ {[%emt 0:00:03]} 26. Kh2 {[%emt 0:00:01]} Ree2 {[%emt 0:00:06]} 27. Rfg3 {[%emt 0:00:02]} Rxg2+ {[%emt 0:00:06]} 28. Nxg2 {[%emt 0:00:04]} h5 {[%emt 0:00:05]} 29. Rg6 {[%emt 0:00:05]} Qd7 {[%emt 0:00:02]} 30. Rxf6 {[%emt 0:00:04]} Qd6 {[%emt 0:00:02]} 31. Rfg6 {[%emt 0:00:02]} Qxg3+ {[%emt 0:00:01]} 32. Rxg3 {[%emt 0:00:01]} Rxb2 {[%emt 0:00:00]} 33. Kh3 {[%emt 0:00:01]} Rb3 {[%emt 0:00:01]} 34. Nf4 {[%emt 0:00:00]} c4 {[%emt 0:00:01]} 35. Ng6 {[%emt 0:00:00] Time} 1-0

[Event "Stay Safe Play From Home 157"]
[Site "T#646177Emanuel Laske"]
[Date "2020.05.19"]
[Round "2"]
[White "Matanant"]
[Black "Ionutn28"]
[Result "0-1"]
[WhiteElo "1603"]
[BlackElo "1711"]
[Annotator "NA"]
[PlyCount "98"]
[EventDate "2020.05.19"]
[EventType "swiss (blitz)"]

1. b3 {[%emt 0:00:03]} Nf6 {[%emt 0:00:02]} 2. Bb2 {[%emt 0:00:00]} d5 {[%emt 0:00:01]} 3. e3 {[%emt 0:00:00]} Bf5 {[%emt 0:00:01]} 4. f4 {[%emt 0:00:00]} e6 {[%emt 0:00:01]} 5. Nf3 {[%emt 0:00:00]} Be7 {[%emt 0:00:00]} 6. Be2 {[%emt 0:00:00]} c6 {[%emt 0:00:02]} 7. O-O {[%emt 0:00:00]} Nbd7 {[%emt 0:00:00]} 8. h3 {[%emt 0:00:00]} Qc7 {[%emt 0:00:05]} 9. d3 {[%emt 0:00:01]} O-O {[%emt 0:00:03]} 10. g4 {[%emt 0:00:01]} Bg6 {[%emt 0:00:01]} 11. g5 {[%emt 0:00:02]} Nh5 {[%emt 0:00:02]} 12. Ne5 {[%emt 0:00:03]} Nxe5 {[%emt 0:00:02]} 13. Bxe5 {[%emt 0:00:02]} Bd6 {[%emt 0:00:01]} 14. Bxd6 {[%emt 0:00:01]} Qxd6 {[%emt 0:00:00]} 15. Bxh5 {[%emt 0:00:01]} Bxh5 {[%emt 0:00:01]} 16. Qxh5 {[%emt 0:00:02]} e5 {[%emt 0:00:00]} 17. Qg4 {[%emt 0:00:01]} exf4 {[%emt 0:00:01]} 18. Rxf4 {[%emt 0:00:02]} Qc5 {[%emt 0:00:03]} 19. Qe2 {[%emt 0:00:04]} Rae8 {[%emt 0:00:03]} 20. Rf3 {[%emt 0:00:01]} d4 {[%emt 0:00:02]} 21. e4 {[%emt 0:00:02]} Qxg5+ {[%emt 0:00:01]} 22. Kh2 {[%emt 0:00:03]} f5 {[%emt 0:00:03]} 23. Nd2 {[%emt 0:00:02]} fxe4 {[%emt 0:00:01]} 24. Rxf8+ {[%emt 0:00:01]} Rxf8 {[%emt 0:00:06]} 25. Nxe4 {[%emt 0:00:00]} Qf4+ {[%emt 0:00:02]} 26. Kh1 {[%emt 0:00:01]} Qh4 {[%emt 0:00:08]} 27. Qg2 {[%emt 0:00:03]} g6 {[%emt 0:00:01]} 28. Rg1 {[%emt 0:00:02]} Kh8 {[%emt 0:00:01]} 29. Qg4 {[%emt 0:00:01]} Qxg4 {[%emt 0:00:01]} 30. hxg4 {[%emt 0:00:02]} Re8 {[%emt 0:00:01]} 31. g5 {[%emt 0:00:01]} b6 {[%emt 0:00:00]} 32. Rg2 {[%emt 0:00:01]} Kg7 {[%emt 0:00:00]} 33. Nf6 {[%emt 0:00:01]} Re3 {[%emt 0:00:01]} 34. Rh2 {[%emt 0:00:01]} Re1+ {[%emt 0:00:01]} 35. Kg2 {[%emt 0:00:01]} Re2+ {[%emt 0:00:00]} 36. Kg3 {[%emt 0:00:00]} Rxh2 {[%emt 0:00:00]} 37. Kxh2 {[%emt 0:00:01]} h6 {[%emt 0:00:00]} 38. Ne4 {[%emt 0:00:03]} hxg5 {[%emt 0:00:00]} 39. Nxg5 {[%emt 0:00:01]} Kf6 {[%emt 0:00:00]} 40. Ne4+ {[%emt 0:00:01]} Ke5 {[%emt 0:00:00]} 41. Kg3 {[%emt 0:00:00]} c5 {[%emt 0:00:00]} 42. Kg4 {[%emt 0:00:01]} a6 {[%emt 0:00:00]} 43. Kg5 {[%emt 0:00:01]} b5 {[%emt 0:00:00]} 44. Kxg6 {[%emt 0:00:01]} c4 {[%emt 0:00:00]} 45. bxc4 {[%emt 0:00:01]} bxc4 {[%emt 0:00:00]} 46. Nd2 {[%emt 0:00:01]} cxd3 {[%emt 0:00:00]} 47. cxd3 {[%emt 0:00:01]} Kf4 {[%emt 0:00:00]} 48. Nc4 {[%emt 0:00:01]} Kf3 {[%emt 0:00:01]} 49. Kf5 {[%emt 0:00:00]} Ke2 {[%emt 0:00:00] Time (Lag: Av=0.80s, max=1.6s)} 0-1